Southernmost by Catergory - Statistics

General Stats
  • This quiz has been taken 26 times
  • The average score is 10 of 12
Answer Stats
Hint Answer % Correct
Southernmost country in the world Chile
100%
Southernmost Asian country Indonesia
100%
Southernmost city Puerto Williams (Chile)
100%
Southernmost European country Greece
95%
Southernmost desert in the world Kalahari Desert (Bostwana, Namibia, South Africa)
95%
Southernmost lake in the world Lake Malawi (Africa)
95%
Southernmost North American country Panama
95%
Southernmost African country South Africa
95%
Southernmost capital of an independent state Wellington (New Zealand)
86%
Southernmost Oceanic island Jacquemart (New Zealand)
59%
Southernmost U.S city Key West
55%
Southernmost place of worship in the world The Chapel of Our Lady of the Snow (Argentina)
32%
No matching quizzes found
Score Distribution
Percent of People with Each Score
Percentile by Number Answered
Your Score History
You have not taken this quiz